[Event "Mecklenburg VP LL2 Ost 1819"]
[Site "Mecklenburg VP"]
[Date "2019.03.24"]
[Round "8.4"]
[White "Schmidt, Paul1111"]
[Black "Rossmann, Andreas"]
[Result "0-1"]
[WhiteElo "1704"]
[BlackElo "1920"]
[PlyCount "56"]
[EventDate "2018.10.21"]
[EventType "team-tourn"]
[EventRounds "9"]
[EventCountry "GER"]
[SourceTitle "EXT 2022"]
[Source "ChessBase"]
[SourceDate "2021.10.06"]
[SourceVersion "1"]
[SourceVersionDate "2021.10.06"]
[SourceQuality "1"]
[WhiteTeam "Torgelow Droegeheide II"]
[BlackTeam "Neubrandenburg SG Eintracht"]
[WhiteTeamCountry "GER"]
[BlackTeamCountry "GER"]

1. e4 c5 2. Nf3 Nc6 3. d4 cxd4 4. Nxd4 Nf6 5. Nc3 d6 6. Be3 e5 7. Nb3 Be7 8. Qd2 Be6 9. 0-0-0 Ng4 10. Nd5 Nxe3 11. fxe3 Bg5 12. Bd3 0-0 13. Kb1 a5 14. Qf2 f5 15. Qe1 a4 16. Nd2 Bxd5 17. exd5 Nb4 18. Bc4 a3 19. Nf3 Na6 20. b3 Nc5 21. Rf1 Bf6 22. Nd2 Qa5 23. Nf3 Qxe1 24. Rfxe1 Ne4 25. Rd3 Rfc8 26. Ka1 b5 27. Bxb5 Rxc2 28. Rdd1 Nc3 0-1

[Event "Mecklenburg VP LL2 Ost 1819"]
[Site "Mecklenburg VP"]
[Date "2018.10.21"]
[Round "1.4"]
[White "Onasch, Gunnar"]
[Black "Rossmann, Andreas"]
[Result "1/2-1/2"]
[WhiteElo "1802"]
[BlackElo "1920"]
[PlyCount "63"]
[EventDate "2018.10.21"]
[EventType "team-tourn"]
[EventRounds "9"]
[EventCountry "GER"]
[SourceTitle "EXT 2022"]
[Source "ChessBase"]
[SourceDate "2021.10.06"]
[SourceVersion "1"]
[SourceVersionDate "2021.10.06"]
[SourceQuality "1"]
[WhiteTeam "Waterkant Saal SV"]
[BlackTeam "Neubrandenburg SG Eintracht"]
[WhiteTeamCountry "GER"]
[BlackTeamCountry "GER"]

1. d4 Nf6 2. c4 e6 3. Nf3 d5 4. Nc3 Be7 5. Qc2 0-0 6. e3 Nbd7 7. Be2 c5 8. 0-0 b6 9. cxd5 exd5 10. Rd1 Bb7 11. b3 Rc8 12. Qd2 Ne4 13. Nxe4 dxe4 14. Ne5 Nxe5 15. dxe5 Qc7 16. Bb2 Rcd8 17. Qe1 Rxd1 18. Rxd1 Rd8 19. Bc4 Bc6 20. a4 Rxd1 21. Qxd1 Qd8 22. Qxd8+ Bxd8 23. Kf1 Kf8 24. Ke2 Bc7 25. f3 Ke7 26. f4 h5 27. Bc3 a5 28. Kf2 Bd8 29. h3 h4 30. g3 hxg3+ 31. Kxg3 g6 32. Kg4 1/2-1/2

[Event "Mecklenburg VP VL 1516"]
[Site "Mecklenburg VP"]
[Date "2015.10.11"]
[Round "2.1"]
[White "Rossmann, Andreas"]
[Black "Skibbe, Willi"]
[Result "0-1"]
[WhiteElo "1919"]
[BlackElo "2207"]
[PlyCount "70"]
[EventDate "2015.09.20"]
[EventType "team-tourn"]
[EventRounds "9"]
[EventCountry "GER"]
[SourceTitle "EXT 2022"]
[Source "ChessBase"]
[SourceDate "2021.10.06"]
[SourceVersion "1"]
[SourceVersionDate "2021.10.06"]
[SourceQuality "1"]
[WhiteTeam "Neubrandenburg SG Eintracht"]
[BlackTeam "Rostock SSC 07 II"]
[WhiteTeamCountry "GER"]
[BlackTeamCountry "GER"]

1. Nf3 c5 2. e4 d6 3. d4 cxd4 4. Nxd4 Nf6 5. Nc3 a6 6. Be2 Nbd7 7. 0-0 g6 8. Be3 Bg7 9. a4 0-0 10. f4 Qc7 11. Bf3 e5 12. Nb3 exf4 13. Bxf4 Ne5 14. Be2 Be6 15. Kh1 Rfe8 16. Bg5 Nfg4 17. h3 h6 18. Nd4 Bc4 19. Nd5 Bxd5 20. exd5 hxg5 21. Bxg4 Nc4 22. Ne6 fxe6 23. Bxe6+ Kh7 24. Qc1 Ne5 25. Qxg5 Qe7 26. Qg3 Rf8 27. Rfe1 Bh6 28. Re4 Qg5 29. Qb3 b5 30. Qb4 Rf2 31. Bg4 Raf8 32. Qxd6 Rf1+ 33. Rxf1 Rxf1+ 34. Kh2 Qf4+ 35. Rxf4 Bxf4+ 0-1

[Event "Mecklenburg VP LL2 Ost 1415"]
[Site "Mecklenburg VP"]
[Date "2015.01.18"]
[Round "5.4"]
[White "Rossmann, Andreas"]
[Black "Herde, Dittmar"]
[Result "1/2-1/2"]
[WhiteElo "1941"]
[BlackElo "1788"]
[PlyCount "28"]
[EventDate "2014.09.21"]
[EventType "team-tourn"]
[EventRounds "9"]
[EventCountry "GER"]
[SourceTitle "EXT 2022"]
[Source "ChessBase"]
[SourceDate "2021.10.06"]
[SourceVersion "1"]
[SourceVersionDate "2021.10.06"]
[SourceQuality "1"]
[WhiteTeam "Neubrandenburg SG Eintracht"]
[BlackTeam "Rostock SSC 07 III"]
[WhiteTeamCountry "GER"]
[BlackTeamCountry "GER"]

1. d4 d5 2. Nf3 Nf6 3. c4 dxc4 4. e3 e6 5. Bxc4 c5 6. Nc3 Nc6 7. 0-0 a6 8. a3 b5 9. Ba2 Bb7 10. dxc5 Bxc5 11. b4 Bd6 12. Bb2 Qc7 13. h3 Rd8 14. Qe2 0-0 1/2-1/2

[Event "Mecklenburg VP LL2 Ost 1415"]
[Site "Mecklenburg VP"]
[Date "2014.09.21"]
[Round "1.5"]
[White "Gloeckner, Jan"]
[Black "Rossmann, Andreas"]
[Result "0-1"]
[WhiteElo "1537"]
[BlackElo "1941"]
[PlyCount "134"]
[EventDate "2014.09.21"]
[EventType "team-tourn"]
[EventRounds "9"]
[EventCountry "GER"]
[SourceTitle "EXT 2022"]
[Source "ChessBase"]
[SourceDate "2021.10.06"]
[SourceVersion "1"]
[SourceVersionDate "2021.10.06"]
[SourceQuality "1"]
[WhiteTeam "Neubrandenburg SG Eintracht III"]
[BlackTeam "Neubrandenburg SG Eintracht"]
[WhiteTeamCountry "GER"]
[BlackTeamCountry "GER"]

1. e4 c5 2. d4 cxd4 3. c3 d3 4. Bxd3 d6 5. c4 Nf6 6. Nf3 Nc6 7. 0-0 g6 8. Nc3 Bg7 9. h3 0-0 10. Qe2 Nd7 11. Bf4 Nde5 12. Nxe5 Nxe5 13. Rfd1 Be6 14. Rac1 Rc8 15. Bxe5 Bxe5 16. Nd5 Bxd5 17. exd5 Qa5 18. b3 Qc5 19. Kh1 a5 20. g3 Rc7 21. f4 Bf6 22. f5 Be5 23. g4 Bf6 24. Rf1 g5 25. h4 h6 26. hxg5 hxg5 27. Rf3 Kg7 28. Rh3 Rcc8 29. Kg2 Rh8 30. Rch1 Rxh3 31. Rxh3 Rh8 32. Rh5 Qd4 33. Rxh8 Kxh8 34. Be4 Kg7 35. Bf3 Be5 36. Be4 b6 37. Qd3 Qa1 38. Qe2 Qc1 39. Qf2 Qc3 40. Bf3 Bd4 41. Qe2 Be3 42. Qd1 Kf6 43. Qe2 Qe5 44. Qd1 Qf4 45. Qh1 Kg7 46. Qd1 Kf8 47. Qh1 Bd4 48. Qd1 Be5 49. Kf1 a4 50. Qe2 axb3 51. axb3 Qc1+ 52. Qd1 Qc3 53. Kg2 Qe3 54. Qc2 Qf4 55. Qe2 Qg3+ 56. Kf1 Bd4 57. Qg2 Qf4 58. Qe2 Qc1+ 59. Kg2 Qg1+ 60. Kh3 Bf2 61. Bg2 Bd4 62. Qf1 Qe3+ 63. Qf3 Qd2 64. Qe4 Be5 65. Qf3 Bf4 66. Qe4 Qc3+ 67. Qf3 Qh8# 0-1

[Event "Mecklenburg VP VL 1213"]
[Site "Mecklenburg VP"]
[Date "2012.11.25"]
[Round "3.2"]
[White "Rossmann, Andreas"]
[Black "Dettmann, Gerd"]
[Result "1/2-1/2"]
[WhiteElo "2009"]
[BlackElo "2047"]
[PlyCount "50"]
[EventDate "2012.10.14"]
[EventType "team-tourn"]
[EventRounds "9"]
[EventCountry "GER"]
[SourceTitle "EXT 2022"]
[Source "ChessBase"]
[SourceDate "2021.10.06"]
[SourceVersion "1"]
[SourceVersionDate "2021.10.06"]
[SourceQuality "1"]
[WhiteTeam "Neubrandenburg SG Eintracht"]
[BlackTeam "Guestrow/Teterow"]
[WhiteTeamCountry "GER"]
[BlackTeamCountry "GER"]

1. d4 Nf6 2. c4 e6 3. Nc3 Bb4 4. e3 c5 5. Nf3 0-0 6. Bd3 Bxc3+ 7. bxc3 d6 8. 0-0 Nc6 9. h3 e5 10. e4 Re8 11. d5 Ne7 12. Nh4 Ng6 13. Nxg6 hxg6 14. Bg5 Qa5 15. Qd2 Nh7 16. Be3 f5 17. f4 exf4 18. Bxf4 fxe4 19. Rae1 Bf5 20. Bb1 Nf6 21. Re3 Qa6 22. Qe2 Re7 23. g4 Bd7 24. Re1 Rae8 25. Bg5 b5 1/2-1/2

[Event "Mecklenburg VP LL 0910"]
[Site "Mecklenburg VP"]
[Date "2009.12.13"]
[Round "4.4"]
[White "Rossmann, Andreas"]
[Black "Hamann, Dirk"]
[Result "0-1"]
[WhiteElo "1998"]
[BlackElo "1964"]
[PlyCount "95"]
[EventDate "2009.10.18"]
[EventType "team-tourn"]
[EventRounds "9"]
[EventCountry "GER"]
[SourceTitle "EXT 2016"]
[Source "ChessBase"]
[SourceDate "2015.10.08"]
[SourceVersion "1"]
[SourceVersionDate "2015.10.08"]
[SourceQuality "1"]
[WhiteTeam "Neubrandenburg SG Eintracht"]
[BlackTeam "Warnemuende SF Ostsee"]
[WhiteTeamCountry "GER"]
[BlackTeamCountry "GER"]

1. d4 Nf6 2. Nf3 g6 3. c4 Bg7 4. Nc3 d6 5. e4 0-0 6. Be2 Nbd7 7. 0-0 c6 8. h3 e5 9. Be3 Re8 10. d5 c5 11. a3 Nh5 12. Qd2 Nb8 13. Ne1 Nf6 14. b4 Na6 15. Nd3 b6 16. Ra2 Bd7 17. b5 Nc7 18. a4 a5 19. bxa6 Rxa6 20. Rb1 Qe7 21. Rab2 Na8 22. Bd1 Kh8 23. f3 Ng8 24. Nb5 f5 25. Qe1 Nf6 26. Bd2 Nh5 27. Bc3 Bxb5 28. Rxb5 Kg8 29. Bc2 Bh6 30. Bd2 f4 31. a5 bxa5 32. Bxa5 Bg5 33. R1b2 Bh4 34. Qb1 Nc7 35. Bxc7 Qxc7 36. Ra2 Ra7 37. Rbb2 Rea8 38. Rxa7 Qxa7 39. Rb7 Qa1 40. Rb8+ Kg7 41. Rxa8 Qxa8 42. Nc1 Qa5 43. Ne2 Qd2 44. Qd1 Qe3+ 45. Kh2 Bg3+ 46. Kh1 Bf2 47. Qd3 Qxe2 48. Qxe2 0-1

[Event "Mecklenburg VP LL 0910"]
[Site "Mecklenburg VP"]
[Date "2009.11.15"]
[Round "2.4"]
[White "Rossmann, Andreas"]
[Black "Schoenrock, Ruediger"]
[Result "1/2-1/2"]
[WhiteElo "1998"]
[BlackElo "1935"]
[PlyCount "27"]
[EventDate "2009.10.18"]
[EventType "team-tourn"]
[EventRounds "9"]
[EventCountry "GER"]
[SourceTitle "EXT 2016"]
[Source "ChessBase"]
[SourceDate "2015.10.08"]
[SourceVersion "1"]
[SourceVersionDate "2015.10.08"]
[SourceQuality "1"]
[WhiteTeam "Neubrandenburg SG Eintracht"]
[BlackTeam "Rostock Uni"]
[WhiteTeamCountry "GER"]
[BlackTeamCountry "GER"]

1. d4 d5 2. Nf3 Nf6 3. c4 c6 4. cxd5 cxd5 5. Nc3 Nc6 6. Bf4 Bf5 7. e3 e6 8. Qb3 Bb4 9. Bb5 0-0 10. 0-0 Bxc3 11. Bxc6 Bxb2 12. Bxb7 Bxa1 13. Bxa8 Qxa8 14. Rxa1 1/2-1/2